La firma inglesa Gibbs y el monopolio del guano en el Perú
Gardado en:
| Autor Principal: | |
|---|---|
| Formato: | Libro |
| Idioma: | Lingua castelá |
| Publicado: |
Lima
Banco Central de Reserva del Perú
2009
Lima Instituto de Estudios Peruanos 2009 |
| Edición: | 1a. ed |
| Series: | Historia Económica, 4
|
| Subjects: | |
| Tags: |
Engadir etiqueta
Sen Etiquetas, Sexa o primeiro en etiquetar este rexistro!
|
MARC
| LEADER | 00000cam a2200000 a 4500 | ||
|---|---|---|---|
| 001 | UCF3768 | ||
| 003 | CL-VaPUC | ||
| 008 | 121031e20090400PE |||||||||||||||||spa|d | ||
| 020 | |a 9789972512377 | ||
| 082 | 0 | 4 | |a 330.985 |b MAT |2 21 |
| 100 | |a Mathew, William M. |e autor |9 565489 | ||
| 245 | 1 | 3 | |a La firma inglesa Gibbs y el monopolio del guano en el Perú |
| 250 | |a 1a. ed | ||
| 300 | |a 346 p | ||
| 942 | |c BK | ||
| 945 | |d 20121031 00:00:00 |a dcastane | ||
| 260 | |a Lima |b Banco Central de Reserva del Perú |c 2009 | ||
| 260 | |a Lima |b Instituto de Estudios Peruanos |c 2009 | ||
| 650 | 0 | |a Economía peruana |9 447178 | |
| 650 | 0 | |a Historia económica |9 307218 | |
| 650 | 0 | |a Desarrollo económico y social |9 256320 | |
| 650 | 7 | |a GUANO |2 CL-VaPUC |9 362274 | |
| 650 | 0 | |a Historia del Perú |9 430972 | |
| 583 | |a last modification |c 20121031 10:09:00 |k Rodrigo Vera | ||
| 490 | 0 | |a Historia Económica, 4 | |
| 999 | |c 349908 |d 349906 | ||
| 952 | |0 0 |1 0 |4 0 |6 330_985000000000000_MAT_2009_2009 |7 0 |8 X |9 452791 |a FDOBUD |b FDOBUD |d 2019-11-22 |i 4919718 |o 330.985 MAT 2009 2009 |p 4919718 |r 2019-11-22 |w 2019-11-22 |y BK_X |k BUD | ||